| 000 | 00652nam a2200157 a 4500 | ||
|---|---|---|---|
| 008 | 120416s1972 ||||||||||||||||| || u | ||
| 020 | _a0713132795 | ||
| 050 | _aTK 7871.6 Con | ||
| 100 | _aConnor, Frank Robert | ||
| 245 | 1 | 0 | _aAntennas |
| 260 |
_aLondon _bEdward Arnold _c1972 (1984) |
||
| 300 | _a99p. : ill | ||
| 350 | _a0.00 | ||
| 995 |
_aANNEX COLLECTION (Main Library) _D0.00 _e711768 _FCBU-MAIN LIBRARY (Kitwe) _H1 _I4.95 _jTK 7871.6 Con _M2 _UAVAILABLE _y017308 _ZAnnex Low-Usage Collection |
||
| 995 |
_aANNEX COLLECTION (Main Library) _D0.00 _e711767 _FCBU-MAIN LIBRARY (Kitwe) _H4 _I4.95 _jTK 7871.6 Con _M1 _UAVAILABLE _y017307 _ZAnnex Low-Usage Collection |
||
| 999 |
_c84261 _d84261 |
||